Medziotvetvové input-output väzby a kľúčové odvetvia

Analyzovanie jednotlivých sektorov v ekonomike a úloha medziodvetvových efektov prepojenia. Odvetvia s veľkými backward a forward linkages - kľúčové odvetvia. Systém Input-output pri študovaní vzájomnej prepojenosti sektorov v ekonomike.

Salvato in:
Dettagli Bibliografici
Autore principale: Rumpelová, Daniela, 1982-
Natura: Capitolo di libro
Lingua:slovacco
Soggetti:
Tags: Aggiungi Tag
Nessun Tag, puoi essere il primo ad aggiungerne!!

MARC

LEADER 00000nla$a2200000$$$4500
001 0125778
005 20240614124325.6
041 0 |a slo 
044 |a SK 
245 1 0 |a Medziotvetvové input-output väzby a kľúčové odvetvia  |c Daniela Rumpelová 
520 |a Analyzovanie jednotlivých sektorov v ekonomike a úloha medziodvetvových efektov prepojenia. Odvetvia s veľkými backward a forward linkages - kľúčové odvetvia. Systém Input-output pri študovaní vzájomnej prepojenosti sektorov v ekonomike. 
610 2 0 |a štruktúra ekonomická 
610 2 0 |a odvetvia priemyselné 
610 2 0 |a odvetvia činnosti ekonomickej 
610 2 0 |a modely ekonomicko-matematické 
610 2 0 |a metóda input-output 
610 2 0 |a modely input-output 
610 2 0 |a analýzy 
100 1 |a Rumpelová, Daniela, 1982-